Tajomná živá planéta program environmentálnej výchovy 3. časť Čo prezrádza divočina

Bibliographic Details
Other Authors: Labaj, Marián (Compiler, Illustrator), Špalek, Juraj (Illustrator), Zboranová, Pavlína (Illustrator)
Format: Book
Language:Slovak
PhysicalDescription:105 s. ilustr., tab. 30 cm
Published: [Púchov] Zelená linka 2002
ISBN:8096783548
Edition:1. vyd.
Subjects:

MARC

LEADER 00000nam a2200000 a 4500
001 vtls001450661
003 SK-MaSNL
005 20260301121350.0
008 171215s2004 xo a 0 slo
015 |a SNBA2004/10-05600 
020 |a 8096783548 
035 |a SNK000405954 
035 |a urn:nbn:sk:snk-amyb4d 
035 |a urn:nbn:sk:snk-am00c80z 
035 |a 88CDA4B6-8E1B-4791-8929-14421618E4E5 
040 |a SNK  |b slo  |c SNK  |e AACR2 
041 0 |a slo 
044 |a xo  |c SK 
072 7 |a 502  |x Ochrana životného prostredia  |2 konspekt 
072 7 |a 373.2/.3  |x Predškolská a primárna výchova a vzdelávanie  |2 konspekt 
080 |a 502:37.03  |2 1981 
080 |a 371.214  |2 1981 
080 |a (072)  |2 1981 
245 0 |a Tajomná živá planéta  |b program environmentálnej výchovy  |c [zostavil z iných zdrojov: Marián Labaj ; ilustrácie: Juraj Špalek, Pavlína Zboranová, Marián Labaj]  |n 3. časť  |p Čo prezrádza divočina 
250 |a 1. vyd. 
260 |a [Púchov]  |b Zelená linka  |c 2002 
300 |a 105 s.  |b ilustr., tab.  |c 30 cm 
500 |a 700 výt. 
504 |a Bibliogr. s. 105 
650 0 7 |a environmentálna výchova a vzdelávanie  |2 SNKPH  |9 67556 
650 0 7 |a vzdelávacie programy  |2 SNKPH  |9 4069 
655 7 |a učebné pomôcky  |2 SNKPH  |9 70567 
700 1 |a Labaj, Marián  |4 com  |4 ill  |9 390624 
700 1 |a Špalek, Juraj  |4 ill  |9 465364 
700 1 |a Zboranová, Pavlína  |4 ill  |9 465365 
919 |a 80-967835-4-8 
968 |d 50 
999 |c 729113  |d 731043 
952 |t P60, <03>, [BOOK], {603}  |a SNK  |b SNK  |y PREZ  |7 0  |p 17A0377357  |o snkSB 63212/3  |i snkKSP 3274/2003  |0 0  |1 0  |4 0  |d 2003-03-04  |f 1  |l 0  |r 2025-04-15 00:00:00  |w 2026-02-23 
952 |t P60, <04>, [BOOK], {604}  |a SNK  |b SNK  |y VYP  |7 0  |p 17A0377358  |o snkSB 63212/3 D1  |i snkKSP 3275/2003  |0 0  |1 0  |4 0  |d 2003-03-04  |l 0  |r 2005-01-02 00:00:00  |w 2026-02-23